| 000 | 00419nam a22001697a 4500 | ||
|---|---|---|---|
| 005 | 20180820150548.0 | ||
| 008 | 160524b xxu||||| |||| 00| 0 eng d | ||
| 020 | _a81-203-19564-8 | ||
| 041 | _aeng | ||
| 082 |
_b4592 _a658.4012 |
||
| 100 |
_aSrinivasan, R. _91419 |
||
| 245 | _aStrategic Management | ||
| 260 |
_aNew Delhi _bAcademic Faundation _c2002 |
||
| 300 | _a219p, | ||
| 650 |
_aManagement _9241 |
||
| 942 | _cBK | ||
| 999 |
_c1541 _d1540 |
||